Communication Research: Strategies and Sources (Record no. 33466)

MARC details
000 -LEADER
fixed length control field 00506nam a22001937a 4500
005 - DATE AND TIME OF LATEST TRANSACTION
control field 20230921133701.0
008 - FIXED-LENGTH DATA ELEMENTS--GENERAL INFORMATION
fixed length control field 230907b |||||||| |||| 00| 0 eng d
020 ## - INTERNATIONAL STANDARD BOOK NUMBER
ISBN 0534564860
082 ## - DEWEY DECIMAL CLASSIFICATION NUMBER
Classification number 302.2072
Item number RUB-C
100 ## - MAIN ENTRY--AUTHOR
Author Name Rubin,Rebecca B.
245 ## - TITLE STATEMENT
Title Communication Research: Strategies and Sources
250 ## - EDITION STATEMENT
Edition statement 6th.ed
260 ## - PUBLICATION, DISTRIBUTION, ETC.
Date of publication, distribution, etc. 2005
Place of Publication USA
Name of publisher, distributor, etc. Thomson Wadsworth
300 ## - PHYSICAL DESCRIPTION
Pages 321
500 ## - GENERAL NOTE
General note Include Index, photocopy of book
650 ## - SUBJECT ADDED ENTRY--TOPICAL TERM
Subject / Department Economics
700 ## - ADDED ENTRY--PERSONAL NAME
Personal name Rebcca B.Rubin
952 ## - LOCATION AND ITEM INFORMATION (KOHA)
-- 0
-- 0
Holdings
Lost status Damaged status Permanent Location Current Location Shelving Location Date acquired Full Call Number Accession No./Barcode Date last seen item type
    Superior Information Resource Center (SIRC) Superior University- Main Campus Superior Information Resource Center (SIRC) Superior University- Main Campus Mass Communication 09/07/2023 302.2072 RUB-C 2005 20360 09/07/2023 BOOK

Powered by Koha